Enquete sur la Lesbophobie Synthèse
Gespeichert in:
| Körperschaft: | |
|---|---|
| Format: | Buch |
| Sprache: | Englisch |
| Veröffentlicht: |
Parigi
KTM éditions
2008
|
| Tags: |
Keine Tags, Fügen Sie das erste Tag hinzu!
|
MARC
| LEADER | 00000nam a2200000 4500 | ||
|---|---|---|---|
| 005 | 20240522193933.0 | ||
| 008 | 240522b |||||||| |||| 00| 0 eng d | ||
| 020 | |a 9782917010013 | ||
| 040 | |c GP | ||
| 110 | |a SOS homophobie | ||
| 245 | |a Enquete sur la Lesbophobie |b Synthèse | ||
| 260 | |a Parigi |b KTM éditions |c 2008 | ||
| 942 | |2 ddc |c BK |n 0 | ||
| 952 | |0 0 |1 0 |2 ddc |4 0 |6 306_766000000000000_SOS |7 1 |9 1308 |a RM |b RM |d 2024-05-22 |l 0 |o 306.766 SOS |p 108 |r 2024-05-22 19:39:57 |w 2024-05-22 |y BK | ||
| 999 | |c 1209 |d 1209 | ||